Estudio de prefactibilidad de la instalación de una planta procesadora y comercializadora de mascarilla capilar a base de aceite de coco ubicada en }Managua, en el periodo 2020-2025

La investigación presenta un estudio de prefactibilidad de la instalación de una planta procesadora y comercializadora de mascarilla capilar a base de aceite de coco ubicada en Managua en un horizonte de cinco años. El principal objetivo es la demostración de la viabilidad de mercado, técnica,...

Full description

Bibliographic Details
Main Authors: Ramírez Méndez, Jimmy Raúl, Sánchez Araica, Grethel de los Ángeles
Other Authors: Tutor: Chavarría Valverde, Luis Alberto
Format: Tesis Section = Libro
Language:Undetermined
Spanish
Published: Managua UNI 2021
Subjects:
LEADER 01388nam a2200289Ia 4500
008 240830s9999 xx 000 0 und d
040 |a BIBLIOTECA-RUPAP/ Mon 658.11 R173 
041 |a spa 
082 |a Mon 658.11 R173 
100 1 |a Ramírez Méndez, Jimmy Raúl 
100 1 |b Sánchez Araica, Grethel de los Ángeles 
245 1 0 |a Estudio de prefactibilidad de la instalación de una planta procesadora y comercializadora de mascarilla capilar a base de aceite de coco ubicada en }Managua, en el periodo 2020-2025 
260 |a Managua  |b UNI  |c 2021 
300 |a 149 p.:il. 
500 |a Contiene: anexos y CD. 
502 |a Tesis (Ingeniero Industrial) - UNI, 2021. 
520 3 |a La investigación presenta un estudio de prefactibilidad de la instalación de una planta procesadora y comercializadora de mascarilla capilar a base de aceite de coco ubicada en Managua en un horizonte de cinco años. El principal objetivo es la demostración de la viabilidad de mercado, técnica, económica y financiera del proyecto. 
650 7 |a EMPRESAS-PROYECTOS 
650 7 |b  DESARROLLO DE NUEVOS PRODUCTOS 
650 7 |c  ESTUDIOS DE FACTIBILIDAD 
650 7 |d  ESTUDIO DE MERCADO 
650 7 |e  ESTUDIO FINANCIERO 
650 7 |f  COSMETICA CAPILAR-INDUSTRIA Y COMERCIO 
700 1 |a Tutor:  |b Chavarría Valverde, Luis Alberto 
942 |c BK  |2 ddc 
991 |a TESIS 
999 |c 19107